000 00473nam a2200133 4500
999 _c10851
_d10851
008 180924b ||||| |||| 00| 0 eng d
082 _aDPer 370.105 M72 Jan-Dec 2011 v59-60
100 _931563
_aCaper, Clarissa B.
245 _aTeachers' month campaign and world teachers' day/
_cClarissa B. Caper.
260 _aPhilippines:
_bIn the Grade School, Inc.,
_cc2011.
300 _av60 n5, page 187:
_billustrations;
_c27cm.
650 0 _931564
_aTeachers.
942 _2ddc
_cPER